00925nam a2200277 i 4500003000900000005001700009007000300026008004100029020001800070040003000088041000800118082002900126100004000155245005700195246002200252250002200274264007600296300002700372336002700399337003300426338002800459500007100487650002400558650002700582700003800609DO-SdBNP20250224112529.0ta250218s2011 dr 000 p spa d a9789945068156 aDO-SdBNPbspacBNPHUerda aspa 4aRD861.44bP438L 20112221 aPérez, Isael,d1961-eautor4aut.10aLlamas de amor ;bPoemas para amar /cIsael Pérez. aPoemas para amar  aSegunda edición 4aSanto Domingo, República Dominicana :bEditorial Santuario, c©2011. a87 páginas ;c22 cm. atextobtxt2rdacontent asin mediaciónbn2rdamedia avolumenbnc2rdacarrier aIncluye datos biográficos del autor en la solapa de la cubierta. 0aPoesía dominicana 0aLiteratura dominicana.1 a Isael PéreztPoemas para amar